000 00673nam a2200241Ia 4500
001 3010
003 GE_BSU
008 181216s||||||||xx |||||||||||||| ||und||
020 _a5862255265
040 _cGE_BSU
080 _a331.015.1(075.8)
100 _aЗубина, Л.Н.
245 _aОрганизация управленческого труда
245 _bУчебное пособие
245 _cред. К.Д. Павлова
260 _aМосква
260 _bИНФРА-М
260 _c1997
300 _a256 с. 20 см.
541 _h6 л.
653 _aОрганизация управленческого труда
942 _cBK
999 _c37056
_d37056